| 000 | 00898nam a22001577a 4500 | ||
|---|---|---|---|
| 003 | OSt | ||
| 005 | 20151116144006.0 | ||
| 008 | 151116b xxu||||| |||| 00| 0 eng d | ||
| 040 | _cRUA | ||
| 082 | _aFOR CHH 2012 B141 Or.1 | ||
| 100 |
_93724 _aCHHIN NA VIN |
||
| 245 | _aStudy on traditional medicine plants utilization in prek thnot community protect area at prek thont commune, teuk chhou district, kampot province, ការសិក្សាអំពីការប្រើប្រាស់រុក្ខជាតិឱសថតាមបែបប្រពៃណី នៅក្នុងសហគមន៍ការពារធនធានធម្មជាតិព្រែកត្នោត នៅឃុំព្រែកត្នោត ស្រុកទឹកឈូ ខេត្តកំពត. | ||
| 260 |
_aPhnom Penh _bRUA _c2012 |
||
| 300 |
_ax; 44p. _bill. _c29cm. |
||
| 942 |
_2ddc _cFOR |
||
| 999 |
_c3465 _d3465 |
||